[Event "AEAP 2020"]
[Site "http://www.queenalice.com/game.php?id=1613252"]
[Date "2020.5.22"]
[Round "1"]
[White "Bigchess"]
[Black "antoniozla"]
[Result "1-0"]
[WhiteElo "1743"]
[BlackElo "1808"]

1. e4 e5 2. Bc4 Nf6 3. Nf3 Nc6 4. O-O Bc5 5. d3 h6 6. c3 d6 7. Qe2 Bg4 8. Be3
Bxe3 9. fxe3 Qd7 10. Qf2 Ne7 11. Nbd2 Ng6 12. Bb3 c5 13. Bc2 O-O-O 14. a3 Qb5
15. b4 cxb4 16. axb4 Kb8 17. d4 exd4 18. exd4 Rhe8 19. d5 b6 20. Ba4 Qd3 21.
Bxe8 Bxf3 22. Bxf7 Be2 23. Bxg6 Qxd2 24. Rfe1 Qxc3 25. Qxe2 Qxb4 26. Bf5 Re8 27.
Rec1 1-0

[Event "Brasileirão-2"]
[Site "http://www.queenalice.com/game.php?id=1615820"]
[Date "2020.6.9"]
[Round "5"]
[White "luiz_gustavo"]
[Black "antoniozla"]
[Result "0-1"]
[WhiteElo "1786"]
[BlackElo "1817"]

1. e4 e5 2. Nf3 Nc6 3. Bb5 d6 4. Nc3 Nf6 5. h3 Bd7 6. O-O a6 7. Ba4 Be7 8. d3 h6
9. Re1 O-O 10. Bd2 b5 11. Bb3 Nd4 12. Nxd4 exd4 13. Ne2 c5 14. a3 Bc6 15. c3
dxc3 16. bxc3 d5 17. exd5 Bxd5 18. c4 bxc4 19. Bxc4 Bxc4 20. dxc4 Qd3 21. Qc1
Ne4 22. Nf4 Qd4 23. Be3 Qe5 24. Nd5 Bd6 25. Bf4 Qf5 26. Qe3 Bxf4 27. Qxe4 Qxe4
28. Rxe4 Bd6 29. Rd1 Rfe8 30. Rg4 Re6 31. Nb6 Rae8 32. g3 Bxg3 33. Nd7 Bd6 34.
Rd3 g6 35. Rf3 Kg7 36. Rd3 Be5 37. Nxc5 Rc6 38. Nd7 Bc7 39. Kg2 f5 40. Rgd4 Re4
41. Rxe4 fxe4 42. Rc3 Kf7 43. f4 Bxf4 44. c5 g5 45. Rc4 Ke6 46. Nb6 Kf5 47. Nd5
Ke5 48. Nc3 e3 49. Kf3 h5 50. a4 Kf5 51. a5 g4+ 52. hxg4+ hxg4+ 53. Kg2 Rh6 54.
Ne2 Rh2+ 55. Kf1 Rf2+ 56. Ke1 Bc7 57. Ra4 g3 58. Ra2 g2 59. Nd4+ Ke4 60. Rxf2
g1=Q+ 0-1

[Event "Challenge"]
[Site "http://www.queenalice.com/game.php?id=1620041"]
[Date "2020.7.12"]
[Round "-"]
[White "MADMIKE"]
[Black "antoniozla"]
[Result "0-1"]
[WhiteElo "1850"]
[BlackElo "1799"]

1. d4 d5 2. Nc3 Nf6 3. Bf4 Nc6 4. Nb5 e5 5. dxe5 Nd7 6. Qxd5 Qe7 7. Nxc7+ Kd8 8.
Nxa8 Qb4+ 9. Bd2 Qxb2 10. Rc1 Bb4 11. e6 Qxc1# 0-1

[Event "Challenge"]
[Site "http://www.queenalice.com/game.php?id=1620042"]
[Date "2020.7.12"]
[Round "-"]
[White "antoniozla"]
[Black "MADMIKE"]
[Result "1-0"]
[WhiteElo "1832"]
[BlackElo "1867"]

1. d4 d5 2. Nc3 e6 3. a3 Be7 4. Bf4 a6 5. e3 Nf6 6. Bd3 O-O 7. Nf3 h6 8. h3 Nc6
9. O-O Bd6 10. Ne5 Bxe5 11. dxe5 Nd7 12. e4 d4 13. Ne2 f6 14. exf6 Nxf6 15. e5
Nd5 16. Bh2 b5 17. c3 dxc3 18. Nxc3 Nxc3 19. bxc3 Bb7 20. Qe2 Qg5 21. f4 Qd8 22.
Rad1 Qe7 23. Be4 Qxa3 24. Rd3 Qe7 25. Qg4 a5 26. Qg6 Rf5 27. Rg3 Qf7 28. Bxf5
exf5 29. Qf6 Qe7 30. Rd1 Kh8 31. Qxe7 Nxe7 32. Rd7 Re8 33. Rxc7 Bc6 34. Kf2 a4
35. Ke2 Bd5 36. Bg1 Kg8 37. Bc5 Kf8 38. Kd2 a3 39. Bxa3 Bc4 40. Bxe7+ Rxe7 41.
Rxe7 Kxe7 42. Rxg7+ Bf7 43. Kd3 Ke6 44. Kd4 h5 45. Kc5 1-0

[Event "Challenge"]
[Site "http://www.queenalice.com/game.php?id=1621848"]
[Date "2020.7.27"]
[Round "-"]
[White "antoniozla"]
[Black "vivoferreira"]
[Result "1-0"]
[WhiteElo "1834"]
[BlackElo "1404"]

1. e4 c5 2. d4 cxd4 3. Qxd4 Nc6 4. Qc4 Nf6 5. Nc3 e6 6. Bg5 Ne5 7. Bxf6 Qxf6 8.
Qb3 b6 9. Bb5 Bc5 10. O-O-O Bxf2 11. Nf3 Nxf3 12. Kb1 Ne5 13. Rhf1 O-O 14. Rd2
Ng4 15. h3 Ne3 16. Rfxf2 Qe7 17. a3 Bb7 18. Rxd7 Qh4 19. Rfxf7 Rxf7 20. Qxe6 Qh5
21. Rxb7 Nxg2 22. Bc6 Rd8 23. Bd5 Rf8 24. Rxa7 h6 25. Qxb6 Kh8 26. Bxf7 Rxf7 27.
Qd8+ Kh7 28. Rxf7 Qxf7 29. Qd3 Nf4 30. Qf3 g5 31. Ne2 Kg6 32. Nxf4+ gxf4 33. b4
Kg5 34. Qg4+ Kf6 35. Qxf4+ Kg7 36. Qxf7+ 1-0

[Event "Challenge"]
[Site "http://www.queenalice.com/game.php?id=1624605"]
[Date "2020.8.22"]
[Round "-"]
[White "vivoferreira"]
[Black "antoniozla"]
[Result "1-0"]
[WhiteElo "1359"]
[BlackElo "1864"]

1. e4 e5 2. Nf3 Nc6 3. Nc3 Bb4 4. Nd5 Bc5 5. b3 a6 6. Bb2 Nf6 7. Nxe5 Nxe5 8.
Bxe5 d6 9. Nxf6+ gxf6 10. Bb2 f5 11. Bxh8 fxe4 12. Bc4 Qg5 13. O-O Bh3 14. g3
Bxf1 15. Bxf1 f6 16. Bc4 O-O-O 17. d3 Rxh8 18. dxe4 Re8 19. h4 Qe5 20. Kg2 Qxe4+
21. Kg1 Qe2 22. Bxe2 b5 23. Bf3 Bb4 24. Kf1 1-0

[Event "Challenge"]
[Site "http://www.queenalice.com/game.php?id=1626689"]
[Date "2020.9.12"]
[Round "-"]
[White "dimitridruloza2012"]
[Black "antoniozla"]
[Result "0-1"]
[WhiteElo "1717"]
[BlackElo "1853"]

1. e4 e5 2. d4 exd4 3. Nf3 Nc6 4. Bc4 h6 5. Nxd4 Bc5 6. Be3 d6 7. Nb5 a6 8. Qf3
Nf6 9. N5c3 Ne5 10. Nd5 Nxf3+ 11. gxf3 Bxe3 12. fxe3 Nxd5 13. Bxd5 c6 14. Bb3
Qh4+ 15. Ke2 O-O 16. Na3 Be6 17. c4 f5 18. e5 dxe5 19. Nc2 e4 20. Nd4 exf3+ 21.
Kd3 Rad8 22. Kc3 Qe4 23. Rhe1 f2 24. Re2 Rxd4 25. Kb4 Rxc4+ 26. Bxc4 Qxc4+ 27.
Ka3 Qxe2 28. Rc1 Rd8 29. b3 Rd2 30. Rc5 Rxa2+ 31. Kb4 Qd2+ 32. Rc3 b6 33. e4 a5#
0-1

[Event "AEAP 2020"]
[Site "http://www.queenalice.com/game.php?id=1630573"]
[Date "2020.10.22"]
[Round "2"]
[White "antoniozla"]
[Black "lobo"]
[Result "1/2-1/2"]
[WhiteElo "1801"]
[BlackElo "1904"]

1. e4 e6 2. Nf3 c5 3. Nc3 Nc6 4. Bb5 Qb6 5. O-O h6 6. d3 a6 7. Bxc6 Qxc6 8. Bf4
g5 9. Bg3 Bg7 10. Ne5 Bxe5 11. Bxe5 f6 12. Qh5+ Ke7 13. Qg6 fxe5 14. Qg7+ Kd6
15. Qxh8 Ne7 16. Qxh6 g4 17. f4 gxf3 18. Rxf3 b5 19. Rf8 Kc7 20. Raf1 b4 21. Ne2
c4 22. Qh8 Ng6 23. Qh5 Nxf8 24. Qxe5+ d6 25. Qg7+ Nd7 26. Nd4 Qb6 27. Kh1 e5 28.
Ne6+ Kb8 29. Qg3 cxd3 30. Qxd3 Ra7 31. Rd1 Nc5 32. Nxc5 dxc5 33. Qd6+ Qc7 34.
Qxc7+ Rxc7 35. Rd5 Rd7 36. Rxd7 Bxd7 37. Kg1 Bc6 38. Kf2 Bxe4 39. c3 a5 40. g4
a4 41. a3 bxa3 42. bxa3 Kc7 43. h4 Kd6 44. h5 Ke6 45. Kg3 Kf6 46. Kh4 c4 47. g5+
Kg7 48. Kg4 Bd3 49. Kf3 e4+ 50. Kf4 Bc2 51. Ke3 Bd3 52. Kd4 Kf7 53. Ke3 Ke6 54.
Kf4 Kf7 55. Ke3 Ke6 56. Kd4 Kf5 57. g6 Kf6 58. Ke3 Kg7 59. Kf4 Kf6 60. Ke3 Kg7
1/2-1/2

[Event "Challenge"]
[Site "http://www.queenalice.com/game.php?id=1633621"]
[Date "2020.11.20"]
[Round "-"]
[White "cristal_negro"]
[Black "antoniozla"]
[Result "1-0"]
[WhiteElo "1854"]
[BlackElo "1839"]

1. e4 e5 2. Nf3 Nc6 3. Bb5 d6 4. Nc3 Bd7 5. d4 exd4 6. Nxd4 a6 7. Nxc6 Bxc6 8.
Bxc6+ bxc6 9. O-O Nf6 10. Re1 Be7 11. Bg5 h6 12. Bf4 O-O 13. Qd2 Nh7 14. Ne2 Bg5
15. c3 Re8 16. a3 Rxe4 17. Bxg5 Nxg5 18. Ng3 Rxe1+ 19. Rxe1 Qd7 20. h4 Ne6 21.
Nf5 Re8 22. g4 f6 23. b4 c5 24. bxc5 Nxc5 25. Rxe8+ Qxe8 26. h5 Qe4 27. c4 Qxg4+
28. Ng3 Ne4 29. Qd5+ Kf8 30. Qxe4 Qxe4 31. Nxe4 Ke7 32. f3 Ke6 33. Kf2 Ke5 34.
Ke3 c6 35. f4+ Ke6 36. a4 f5 37. Nc3 Kf6 38. Ne2 g5 39. Kf3 Ke6 40. Nd4+ Kf6 41.
Nxc6 g4+ 42. Kg3 Ke6 43. Nd4+ Ke7 44. Nxf5+ 1-0

[Event "Challenge"]
[Site "http://www.queenalice.com/game.php?id=1633733"]
[Date "2020.11.21"]
[Round "-"]
[White "antoniozla"]
[Black "jorm"]
[Result "0-1"]
[WhiteElo "1805"]
[BlackElo "1820"]

1. e4 e5 2. Nf3 Nc6 3. Bb5 Nge7 4. d3 a6 5. Bxc6 Nxc6 6. Bg5 f6 7. Bh4 d6 8. h3
d5 9. O-O g5 10. Bg3 g4 11. hxg4 Bxg4 12. c3 d4 13. Nbd2 h5 14. Bh4 Qe7 15. Qb3
O-O-O 16. c4 Qe6 17. Nh2 Be7 18. g3 Bh3 19. Rfe1 f5 20. Bxe7 Nxe7 21. Ndf3 f4
22. Ng5 Qg6 23. Nxh3 fxg3 24. Nf3 Qg4 25. Nh2 Qxh3 26. fxg3 Qxg3+ 27. Kh1 Rhg8
28. Rg1 Qh3 29. Qc2 Ng6 30. Qg2 Qxd3 31. b3 Nf4 32. Qf3 Qd2 33. Nf1 Rxg1+ 34.
Kxg1 Rg8+ 35. Kh1 Qb2 36. Rd1 Qxa2 37. Rd2 Qa5 38. Rh2 Rg5 39. Rh4 Qe1 0-1

[Event "Challenge"]
[Site "http://www.queenalice.com/game.php?id=1633886"]
[Date "2020.11.22"]
[Round "-"]
[White "vivoferreira"]
[Black "antoniozla"]
[Result "0-1"]
[WhiteElo "1512"]
[BlackElo "1836"]

1. d4 d5 2. Nc3 Nf6 3. Bg5 e6 4. e4 Bb4 5. Qe2 h6 6. Bxf6 Qxf6 7. e5 Qe7 8. Qe3
a6 9. Nf3 Bxc3+ 10. Qxc3 O-O 11. Bd3 Nc6 12. O-O-O Bd7 13. b3 Nb4 14. Qb2 Rac8
15. c3 Nxd3+ 16. Rxd3 c5 17. dxc5 Qxc5 18. g4 Bb5 19. Rd2 Qxc3+ 20. Qc2 Qxf3 21.
Qxc8 Rxc8+ 0-1

[Event "Challenge"]
[Site "http://www.queenalice.com/game.php?id=1634465"]
[Date "2020.11.27"]
[Round "-"]
[White "antoniozla"]
[Black "vivoferreira"]
[Result "1-0"]
[WhiteElo "1824"]
[BlackElo "1589"]

1. e4 c5 2. Nc3 e6 3. e5 Nc6 4. Bb5 Nxe5 5. d3 a6 6. Ba4 b5 7. Bb3 Bb7 8. f3 Nf6
9. Bg5 Be7 10. a3 Nh5 11. Bxe7 Qxe7 12. Nge2 O-O 13. g3 Nxf3+ 14. Kf2 Qf6 15.
Kg2 Nxh2+ 16. Kxh2 Qf2+ 17. Kh3 Qg2+ 18. Kh4 Nf6 19. Qf1 g5+ 20. Kxg5 Qc6 21.
Qxf6 e5 22. Qxc6 Bxc6 23. Rh6 Kh8 24. Rah1 f6+ 25. Kf5 Rf7 26. Bxf7 Bxh1 27.
Rxh1 Rf8 28. Bg6 1-0

[Event "Challenge"]
[Site "http://www.queenalice.com/game.php?id=1635799"]
[Date "2020.12.8"]
[Round "-"]
[White "antoniozla"]
[Black "crisvolei"]
[Result "0-1"]
[WhiteElo "1831"]
[BlackElo "1466"]

1. e4 e5 2. Nf3 Qf6 3. Bc4 Nh6 4. d3 Qg6 5. O-O c6 6. a3 a5 7. Nxe5 Qf6 8. Bxh6
Qxe5 9. Be3 Qxb2 10. Nd2 b5 11. Ba2 Bxa3 12. Qf3 O-O 13. Nb3 Qxc2 14. Bd4 c5 15.
Rfc1 Bxc1 16. Nxc5 d6 17. Bb3 Qd2 18. Be3 Qe1# 0-1

[Event "Challenge"]
[Site "http://www.queenalice.com/game.php?id=1635800"]
[Date "2020.12.8"]
[Round "-"]
[White "crisvolei"]
[Black "antoniozla"]
[Result "0-1"]
[WhiteElo "1483"]
[BlackElo "1790"]

1. e4 e5 2. d4 exd4 3. Qxd4 Nc6 4. Qd5 Nf6 5. Bg5 Nxd5 6. Bxd8 Nxd8 7. exd5 Bc5
8. Nh3 O-O 9. Bc4 d6 10. c3 Re8+ 11. Be2 Bxh3 12. gxh3 f6 13. Nd2 Nf7 14. O-O-O
Rxe2 15. f4 Be3 16. b4 Bxf4 17. a4 Rae8 18. Kc2 Rg2 19. Rhe1 Rxe1 20. Rxe1 Ne5
21. Kb3 Rxd2 22. a5 Rxh2 23. a6 b6 24. b5 Rxh3 25. Re4 Bd2 26. Kc2 Bxc3 27. Re2
Bd4 28. Rd2 Bc5 29. Kd1 g5 30. Rg2 h5 31. Ke2 Ra3 32. Kd1 h4 33. Kc1 Kg7 34. Kb2
Kg6 35. Rc2 g4 36. Rc1 h3 37. Rh1 Kg5 38. Rf1 g3 39. Ra1 Rxa1 40. Kxa1 g2 0-1

[Event "Challenge"]
[Site "http://www.queenalice.com/game.php?id=1637697"]
[Date "2020.12.26"]
[Round "-"]
[White "vivoferreira"]
[Black "antoniozla"]
[Result "0-1"]
[WhiteElo "1308"]
[BlackElo "1736"]

1. e4 e5 2. Nf3 Nc6 3. Nc3 Bb4 4. Nd5 Ba5 5. a3 Nf6 6. b4 Bb6 7. Nxb6 axb6 8.
Bb2 d5 9. exd5 Nxd5 10. Nxe5 Nxe5 11. Bxe5 O-O 12. Bc4 Qg5 13. Bxc7 Qxg2 14. Rf1
Bh3 15. Bg3 Qxf1+ 16. Bxf1 Rfe8+ 17. Be2 Re6 18. d3 Rae8 19. c4 Nc3 20. Qc2
Rxe2+ 21. Qxe2 Nxe2 22. Kd2 Nxg3 23. fxg3 Bg4 24. Rh1 Re2+ 25. Kc3 Bf3 26. Rf1
Bc6 27. h3 Bg2 28. Rf4 Bxh3 29. Rd4 Kf8 30. Rd8+ Ke7 31. Rb8 Bg2 32. a4 Re3 33.
Kd4 Rxg3 34. Kc3 h5 35. b5 h4 36. Rc8 h3 37. Rc7+ Kf6 38. Rd7 h2 0-1

[Event "Challenge"]
[Site "http://www.queenalice.com/game.php?id=1638055"]
[Date "2020.12.29"]
[Round "-"]
[White "antoniozla"]
[Black "vivoferreira"]
[Result "0-1"]
[WhiteElo "1794"]
[BlackElo "1339"]

1. c4 e5 2. Nc3 Nf6 3. d4 exd4 4. Qxd4 Nc6 5. Qd3 Nb4 6. Qd2 b6 7. a3 Nc6 8. b4
a6 9. Nf3 d6 10. h3 g6 11. g4 Bg7 12. Bb2 O-O 13. Nd5 Nxd5 14. Bxg7 Kxg7 15.
cxd5 Ne7 16. Qd4+ f6 17. e3 c5 18. bxc5 dxc5 19. Qf4 Nxd5 20. Qc4 Bb7 21. h4
Nxe3 22. Qe6 Bxf3 23. Qxe3 Bxg4 24. Qg3 Bh5 25. Bg2 Re8+ 26. Kf1 Be2+ 27. Kg1
Ra7 28. Qd6 Qxd6 29. Rh3 Rae7 0-1

[Event "AEAP 2020"]
[Site "http://www.queenalice.com/game.php?id=1638210"]
[Date "2020.12.30"]
[Round "3"]
[White "Lintz"]
[Black "antoniozla"]
[Result "1-0"]
[WhiteElo "1774"]
[BlackElo "1751"]

1. e4 e5 2. Nf3 Nc6 3. Bb5 d6 4. d4 a6 5. Ba4 b5 6. Bb3 Nxd4 7. Nxd4 exd4 8.
Qxd4 Bb7 9. O-O h6 10. Re1 c5 11. Bxf7+ Kxf7 12. Qe3 Nf6 13. Rd1 g5 14. b3 Bg7
15. c3 Re8 16. f3 Bxe4 17. fxe4 Nxe4 18. Qf3+ Kg8 19. Bb2 Qb6 20. Kf1 Rf8 21.
Ke2 Rxf3 22. gxf3 Nf6 23. Nd2 Re8+ 24. Kf1 Nd5 25. Ne4 Bxc3 26. Bxc3 Nxc3 27.
Nxc3 Re3 28. Nd5 Qc6 29. Kf2 Re6 30. Rd2 c4 31. Rc1 Qc5+ 32. Kg2 Qa3 33. bxc4
bxc4 34. Rxc4 Qa5 35. Rcc2 Qb5 36. Nc7 Qf5 37. Nxe6 Qxe6 38. Rc6 g4 39. Rcxd6
Qc4 40. Rd8+ Kf7 41. R8d7+ Ke6 42. R7d6+ Ke5 43. R2d5+ Qxd5 44. Rxd5+ Kxd5 45.
fxg4 Ke5 46. Kf3 a5 47. a4 Kf6 48. h4 Kf7 49. Ke4 Kf6 50. Kd5 Ke7 51. Kc6 Ke6
52. Kb6 1-0

[Event "Challenge"]
[Site "http://www.queenalice.com/game.php?id=1640931"]
[Date "2021.1.22"]
[Round "-"]
[White "antoniozla"]
[Black "crisvolei"]
[Result "1-0"]
[WhiteElo "1740"]
[BlackElo "1619"]

1. e4 e5 2. Nf3 f6 3. Bc4 Nh6 4. d4 Ng4 5. dxe5 Nxe5 6. Nxe5 fxe5 7. Qh5+ g6 8.
Qxe5+ Qe7 9. Qxe7+ Bxe7 10. Bf4 Nc6 11. O-O Nd4 12. Bd3 d6 13. Nc3 c6 14. e5 Bf5
15. exd6 Bxd3 16. cxd3 Bf6 17. Rfe1+ Kd7 18. Ne4 Rhf8 19. g3 Nf3+ 20. Kg2 Nxe1+
21. Rxe1 b6 22. Nxf6+ Rxf6 23. Re7+ Kd8 24. Rxh7 Rf8 25. Bg5+ Kc8 26. Rc7+ Kb8
27. Re7 a5 28. Bf4 Ra7 29. d7+ Ka8 30. Re8+ Rxe8 31. dxe8=Q+ Kb7 32. Qd7+ Ka6
33. Qxc6 Re7 34. Bc7 Rxc7 35. Qxc7 a4 36. d4 b5 37. d5 b4 38. Qc5 b3 39. a3 g5
40. d6 1-0

[Event "Challenge"]
[Site "http://www.queenalice.com/game.php?id=1640932"]
[Date "2021.1.22"]
[Round "-"]
[White "crisvolei"]
[Black "antoniozla"]
[Result "1-0"]
[WhiteElo "1570"]
[BlackElo "1764"]

1. e4 Nc6 2. c3 e5 3. Nf3 Bc5 4. d4 exd4 5. b4 Bb6 6. Bb2 dxc3 7. Bxc3 d6 8.
Bxg7 Nf6 9. Bxh8 Be6 10. Qd2 Qe7 11. Qh6 O-O-O 12. Bxf6 Qf8 13. Qxh7 Qg8 14. Ng5
Qxh7 15. Nxh7 Rg8 16. h4 Nxb4 17. Na3 c5 18. O-O-O d5 19. Nb5 dxe4 20. Nd6+ Kc7
21. Nc4 Bxc4 22. Be5+ Kc6 23. Bxc4 Rxg2 24. Bxf7 Rxf2 25. Be8# 1-0

[Event "Challenge"]
[Site "http://www.queenalice.com/game.php?id=1725791"]
[Date "2021.4.27"]
[Round "-"]
[White "antoniozla"]
[Black "crisvolei"]
[Result "1-0"]
[WhiteElo "1714"]
[BlackElo "1604"]

1. e4 e5 2. Nf3 Qf6 3. Bc4 c6 4. a3 b5 5. Ba2 g5 6. h3 Bc5 7. d3 h6 8. c3 a5 9.
Qc2 d5 10. exd5 e4 11. dxe4 g4 12. hxg4 Bxg4 13. dxc6 Nxc6 14. Nbd2 O-O-O 15. b4
axb4 16. axb4 Bxf2+ 17. Kxf2 Ne5 18. Bd5 Kc7 19. Ra7+ Kd6 20. Qa2 Bd7 21. Qa6+
Bc6 22. Kg1 Ne7 23. Nxe5 Qxe5 24. Nf3 Qxc3 25. Bf4+ Qe5 26. Bxe5# 1-0

[Event "Challenge"]
[Site "http://www.queenalice.com/game.php?id=1725797"]
[Date "2021.4.27"]
[Round "-"]
[White "crisvolei"]
[Black "antoniozla"]
[Result "1-0"]
[WhiteElo "1542"]
[BlackElo "1738"]

1. e4 e5 2. a4 Nf6 3. Qf3 Bc5 4. Nh3 h6 5. Bc4 d6 6. c3 Bg4 7. Qg3 O-O 8. b4
Bxf2+ 9. Nxf2 Qd7 10. Nxg4 Nxg4 11. d4 exd4 12. cxd4 Nc6 13. O-O d5 14. exd5
Nxd4 15. h3 Nf6 16. Rxf6 a6 17. Bxh6 g6 18. Bxf8 Rxf8 19. h4 Kg7 20. Qg5 Rh8 21.
d6 Ne6 22. Bxe6 fxe6 23. Qxg6# 1-0

[Event "Challenge"]
[Site "http://www.queenalice.com/game.php?id=1761266"]
[Date "2021.6.3"]
[Round "-"]
[White "crisvolei"]
[Black "antoniozla"]
[Result "1-0"]
[WhiteElo "1621"]
[BlackElo "1726"]

1. e4 e5 2. Nf3 Nc6 3. c3 Nf6 4. Bc4 Nxe4 5. d3 Nf6 6. Ng5 d5 7. Bb5 Bg4 8. f3
Bh5 9. b4 h6 10. Qa4 hxg5 11. Bxg5 Bg6 12. Bxc6+ bxc6 13. Qxc6+ Ke7 14. Na3 Qd6
15. Qxa8 Bxd3 16. h4 g6 17. Qxa7 Ke6 18. Rd1 e4 19. Qe3 Bg7 20. Bf4 Qc6 21. Rxd3
Ra8 22. b5 Qb7 23. c4 Kf5 24. g4+ Nxg4 25. fxg4+ Kf6 26. Bg5+ Ke5 27. Rxd5+ 1-0

[Event "Challenge"]
[Site "http://www.queenalice.com/game.php?id=1761267"]
[Date "2021.6.3"]
[Round "-"]
[White "antoniozla"]
[Black "crisvolei"]
[Result "1-0"]
[WhiteElo "1706"]
[BlackElo "1611"]

1. c4 e5 2. d4 Qf6 3. d5 Bb4+ 4. Bd2 Bc5 5. Nf3 e4 6. Be3 Bxe3 7. fxe3 exf3 8.
exf3 Qxb2 9. Nd2 d6 10. Bd3 Na6 11. O-O Nc5 12. Nb3 Nxd3 13. Qxd3 Nf6 14. Nd4 g6
15. Rfb1 Qxa1 16. Rxa1 a5 17. Nb5 O-O 18. Nxc7 Rb8 19. Rb1 a4 20. Rb6 Bd7 21.
Rxd6 Bf5 22. e4 Kg7 23. exf5 g5 24. Qd4 Kg8 25. Qxf6 Rbc8 26. Qxg5+ Kh8 27. Rd7
h6 28. Qxh6+ Kg8 29. f6 b5 30. Qg7# 1-0